000 01296cam a22003858a 4500
001 zdenvp b622287
003 OCoLC
005 20190830151517.0
008 050816s2005 mnu b 000 0 spa
010 _a2005023453
020 _a1404816208 (hard cover)
020 _a9781404816206 (hard cover)
035 _aOCM62089774
040 _aDLC
_cDLC
_dBAKER
_dDPL
_dUtOrBLW
041 1 _aspa
_heng
042 _apcc
_alcac
050 1 0 _aPZ74.2
_b.B525 2005
082 0 0 _a398.2
_aE
_222
099 _ajR2
_aB
_aSPANISH
100 1 _aBlair, Eric.
240 1 0 _aDonkey in the lion's skin.
_lSpanish.
245 1 3 _aEl asno vestido de leon :
_bversion de la fabula de Esopo /
_cpor Eric Blair ; ilustrado por Dianne Silverman ; traduccion, Patricia Abello.
260 _aMinneapolis :
_bPicture Window Books,
_c2005.
300 _a24 p. :
_bcol. ill. ;
_c22 cm.
490 1 _aRead-it! readers.
520 _aAfter putting on a lion disguise, a silly donkey amuses himself by frightening all of the animals in the forest until he meets a clever fox.
650 1 _aFables.
650 1 _aFolklore.
650 1 _aSpanish language materials.
700 1 _aSilverman, Dianne,
_eill.
700 1 _aAbello, Patricia.
700 0 _aAesop.
830 0 _aRead-it! readers.
942 _cBK
_2ddc
999 _c23279
_d23279